| 000 | 01091nam a2200325Ia 4500 | ||
|---|---|---|---|
| 001 | 4506 | ||
| 005 | 20250801162556.0 | ||
| 008 | 160601s2004 sp a g 000 0 spa | ||
| 020 | _a8466713190 | ||
| 100 | 1 |
_aGillot, Laurence _961868 |
|
| 245 | 1 | 4 |
_aLas metamorfosis de Ovidio _cLaurence Gillot ; traducción María Durante ; ilustración Enrique Flores |
| 250 | _a2a. edición | ||
| 300 |
_a159 páginas _bilustraciones _c20 cm |
||
| 490 |
_aTus libros _pCuentos y leyendas |
||
| 534 | _tLes metámorphoses d'Ovide | ||
| 650 | 1 | 4 |
_2LEMB _aMitología romana _961869 |
| 650 | 1 | 4 |
_2LEMB _aMitología griega _921361 |
| 650 | 1 | 4 |
_2LEMB _aLiteratura romana _961870 |
| 650 | 1 | 4 |
_2LEMB _aLiteratura griega _927682 |
| 700 |
_aDurante, María _etraductor _96856 |
||
| 700 |
_aFlores, Enrique |e il. _eilustrador _949906 |
||
| 942 |
_2loc _cBKLIT |
||
| 264 |
_aMadrid _bAnaya _c2004 |
||
| 336 |
_atexto _btxt _2rdacontent |
||
| 337 |
_asin mediación _bn _2rdamedia |
||
| 338 |
_avolumen _bnc _2rdacarrier |
||
| 040 |
_aCO-BoRNBP _bspa _erda _cCO-BoRNBP |
||
| 084 | _aLM GIL1 | ||
| 999 |
_c4506 _d4506 |
||